LDR 01267naa#a2200241#i#450# 001 RU\\bibl\122994 005 20260630092158.2 011 ## _a2077-7566 100 ## _a20260629b2026####ek#y0rusy0150####ca 101 0# _aRUS 102 ## _aRU 200 1# _aИНДИВИДУАЛЬНЫЙ НАВИГАЦИОННЫЙ ХИРУРГИЧЕСКИЙ ШАБЛОН ДЛЯ СОЗДАНИЯ ОПЕРАТИВНОГО ДОСТУПА К РЕТИНИРОВАННОМУ ТРЕТЬЕМУ МОЛЯРУ НИЖНЕЙ ЧЕЛЮСТИ: КЛИНИЧЕСКИЙ СЛУЧАЙ _eЖурнальная статья 210 1# _aЕкатеринбург _cИздательский Дом «ТИРАЖ» _d2026 215 ## _a5 с. 608 ## _aЖурнальная статья _2local 675 ## _aСтоматология. Заболевания ротовой полости и зубов. 616.31 _zRUS 686 ## _aКлиническая медицина. 76.29 _2grnti 700 #1 _aКвятковская _gАнна Павловна 700 #1 _aБуланов _gСергей Иванович 700 #1 _aЛысов _gДмитрий Николаевич 700 #1 _aСофронов _gМатвей Витальевич 700 #1 _aХачатрян _gВалерий Наириевич 856 4# _adental-press.ru _u